Statistics for Jeopardy #8413

Click here to take the quiz!

General Stats

  • This quiz has been taken 53 times
  • The average score is 9 of 60

Answer Stats

CategoryCashClueAnswer% Correct
THE BIBLE$600A version known as the "Wicked Bible" was printed in 1631 with the typo "Thou shalt commit" this sinadultery
66%
THE BIBLE$200In Exodus, God promises to "rain bread from heaven"; when the Israelites see it, they call it thismanna
62%
THE GIVING TREE$200Although the red type of this tree can provide sap for syrup, it mainly gives us shademaple
59%
DESCRIBING THE FILM TRILOGY$2001960s playboy/spy wakes up in the 1990s; playboy/spy travels back to the 1960s; playboy/spy travels back to 1975Austin Powers
45%
DESCRIBING THE FILM TRILOGY$600Killings intercut with baptism; killings in Cuba; killings intercut with an operaThe Godfather
45%
EUROPEAN HISTORY$200This barbarian ruler who had terrorized Europe died on his wedding night in 453 A.D.Attila the Hun
41%
EUROPEAN HISTORY$600This nation that was formed at the end of World War I broke in 2 in 1993Czechoslovakia
41%
DESCRIBING THE FILM TRILOGY$800Movie earns 4 Oscars; movie earns 2 Oscars; movie earns 11 OscarsLord of the Rings
41%
EUROPEAN HISTORY$400The 2nd tsar of this name freed the serfs in Russia in 1861Alexander
38%
DESCRIBING THE FILM TRILOGY$1000Hero visits parents; hero visits kids; hero visits great-great-grandparentsBack to the Future
34%
THE GIVING TREE$400Pull out the stopper & let's celebrate this live oak species that produces a useful spongy lightweight productcork
28%
EUROPEAN HISTORY$800Once a powerful republic, this Italian city lost 4 wars to Venice in the middle agesGenoa
28%
ISLANDS$800Here's the flag of this chilly island that's more than three times the size of TexasGreenland
28%
ISLANDS$1200Visit the port of Lahaina or drive the Hana Highway on this Hawaiian islandMaui
28%
ISLANDS$400This island has a museum in Napoleon's summer residence, Villa San MartinoElba
24%
THE BIBLE$800The shortest verse in the King James Bible is John 11:35, these 2 wordsJesus wept
24%
"A" VOWEL$600A defacer of property, or a member of King Gunderic's 5th century tribea vandal
21%
THE GIVING TREE$600The southern species of this tree gives us the flower seen heremagnolia
21%
THE BIBLE$400Biblical dreamers include Joseph & in the gospel of Matthew, the wife of this Roman governor(Pontius) Pilate
21%
ISLANDS$1600The names of the 2 main islands that make up this equatorial nation mean "St. Thomas & Prince"São Tomé and Príncipe
21%
THE GIVING TREE$800The leaves of Brazil's carnauba palm yield a type of this used in lipsticks & shoe polishwax
17%
I'D LIKE TO BUY$1000I love to build things, so I sure could use a Madison Mill round wood poplar one of these connecting rodsa dowel
14%
I'D LIKE TO BUY$600I want to lay some bricks, so I'll take a Kraft tool carbon steel one of these mortar spreaders with a flat plate & a handlea trowel
14%
THE GIVING TREE$1000Trees named for Rudolph Hass yield the most popular variety of theseavocados
14%
I'D LIKE TO BUY$800Guess it's time I got around to reading "My American Journey", the 1995 autobiography of this Secretary of StateColin Powell
14%
POTPOURRI$800The mythical story of Prometheus points to a real medical fact: this organ's ability to regenerate itselfthe liver
14%
I'D LIKE TO BUY$400Got some caped crusading to do, so I'll need one of these head coverings, from Latin for "hood"a cowl
10%
ISLANDS$2000This island 37 miles north of Venezuela grows oranges whose peel is used to make a famous liqueurCuracao
10%
POP PSYCHOLOGY$1600This Nirvana song shares its name with an element used in medications for bipolar disorder"Lithium"
10%
IT'S ALL ABOUT HER$400In "My Beloved World", this first Hispanic American on the Supreme Court talks about growing up in a Bronx housing project(Sonia) Sotomayor
10%
IT'S ALL ABOUT HER$1200"Mad Girl's Love Song" tells of this poet's "Life Before Ted" (Hughes)Sylvia Plath
10%
DESCRIBING THE FILM TRILOGY$400Heist in Vegas; heist in Europe; heist in Vegasthe Oceans trilogy
10%
IT'S ALL ABOUT HER$1600"Daughter of Destiny" is the autobiography of this slain Pakistani prime ministerBenazir Bhutto
7%
"A" VOWEL$800This nickname of General Pershing can also mean a face card in spades or clubsBlack Jack
7%
"A" VOWEL$1000The name of this gourd rattle is from a South American Indian wordmaracas
7%
IT'S ALL ABOUT HER$800In this 1937 memoir Isak Dinesen told of her life in Kenya, where she managed a coffee plantationOut of Africa
7%
POP PSYCHOLOGY$800In "Paranoid", this hard-rocking man sang, "People think I'm insane because I am frowning all the time"Ozzy Osbourne
7%
POTPOURRI$400In the 1950s these candy dispensers were adorned with heads; they've now been adorned with almost 2,000 different onesPEZ dispensers
7%
I'D LIKE TO BUY$200I'd like to buy a Flodalen, a terry cloth this from IKEAa (bath) towel
3%
"A" VOWEL$400Lady fingers & thousand fingers are varieties of this fruitbananas
3%
THE BIBLE$1000Not to be confused with Barabbas, this companion of Paul has sometimes been credited with writing the epistle to the HebrewsBarnabas
3%
NEW TO THE OED$400Chickens don't have these digits, but in 2020 the OED acknowledged their existence in a popular fried food product(chicken) fingers
3%
ART MOVEMENTS$1200Named for Orpheus, Orphism was an offshoot of this other "-ism" of Georges BraqueCubism
3%
"A" VOWEL$200A situation involving conflict, or a Pulitzer Prize category for playsdrama
3%
ART MOVEMENTS$1600Henri Matisse was the leader of this "wild beast" art movement that flourished in the early 1900sFauvism
3%
NEW TO THE OED$800Even better than awesome is "awesome" followed by this 5-letter liquidsauce
3%
ART MOVEMENTS$800With work like "Indefinite Divisibility", Yves Tanguy helped import this European movement to the United StatesSurrealism
3%
POTPOURRI$1200(Brad Keselowski presents from the Las Vegas Motor Speedway.) I'm Brad Keselowski; the pit crew guy hauling a 20-pound piece of equipment to help change my four tires is called this, also the last name of an X-Men actora jackman
0%
POTPOURRI$1600A cloak called the scapular is worn by this order of monks established by a papal bull in 1216Dominicans (Dominican Order)
0%
IT'S ALL ABOUT HER$2000"The Autobiography of Alice B. Toklas" is less about Alice & more about this woman, her life partner who wrote the bookGertrude Stein
0%
POTPOURRI$2000To keyboard players a "smear" is this finger-sweeping action, from a word meaning to slideglissando
0%
POP PSYCHOLOGY$1200In 1967 this man sang, "Manic depression is a frustrating mess"--what a harrowing "experience"(Jimi) Hendrix
0%
NEW TO THE OED$1200Chichimec refers to an indigenous people of this countryMexico
0%
NEW TO THE OED$2000The Henriad refers to 4 plays by this manShakespeare
0%
ART MOVEMENTS$2000Led by Robert Henri, "The Eight" were a group of artists who tried to show a grittier side of city life in this "rubbish" movementthe Ashcan School
0%
EUROPEAN HISTORY$1000On October 25, 1415 an English army won this battle over a much larger French forcethe Battle of Agincourt
0%
NEW TO THE OED$1600The last 4 months of the year are called these 5-letter "months", like the last piece of wood in a firethe ember months
0%
ART MOVEMENTS$400The Incoherents had fun with art: Eugène Bataille depicted this Leonardo da Vinci gal enjoying a pipethe Mona Lisa
0%
POP PSYCHOLOGY$400In 1986 Janet Jackson sang about this Freudian "Principle"the pleasure principle
0%
NEWSPAPER NAMESN/AUsed as a newspaper name from New York to San Diego, it was an ancient Roman official who represented the people's interestsTribune
0%

Score Distribution

Percentile by Number Answered

Percent of People with Each Score

Your Score History

You have not taken this quiz